Közgyűjteménnyé válhat az ökológiai tanszék kincse Kétszázmilliót érő preparátumok
Elmentve itt :
| Dokumentumtípus: | Cikk |
|---|---|
| Megjelent: |
2007-02-23
|
| Sorozat: | Délmagyarország
97 No. 46 |
| Kulcsszavak: | Ökológiai Tanszék, Körmöczi László |
| Online Access: | http://dmarchiv.bibl.u-szeged.hu/127095 |
| LEADER | 00497nab a2200145 i 4500 | ||
|---|---|---|---|
| 001 | delm127095 | ||
| 005 | 20200110092306.0 | ||
| 008 | 200110s2007 hu o 0|| hun d | ||
| 040 | |a SZTE Délmagyarország Archívum |b hun | ||
| 041 | |a hun | ||
| 245 | 0 | 0 | |a Közgyűjteménnyé válhat az ökológiai tanszék kincse |h [elektronikus dokumentum] : |b Kétszázmilliót érő preparátumok |
| 260 | |c 2007-02-23 | ||
| 300 | |a 8 | ||
| 490 | 0 | |a Délmagyarország |v 97 No. 46 | |
| 695 | |a Ökológiai Tanszék, Körmöczi László | ||